Les meilleurs buteurs de Premier League (2024-2025) - Statistiques

Statistiques générales
  • Ce quiz a été pris 110 fois
  • Le résultat moyen est 11 sur 16
Statistiques - réponses
Club Buts Joueurs % Correct
Liverpool FC 28 Mohamed Salah
100%
Manchester City 22 Erling Haaland
99%
Chelsea FC 15 Cole Palmer
94%
Newcastle United 23 Alexander Isak
93%
Liverpool FC 13 Luis Diaz
83%
Aston Villa 16 Ollie Watkins
83%
Brentford FC 20 Bryan Mbeumo
80%
Crystal Palace 14 Jean-Philippe Mateta
74%
Nottingham Forrest 20 Chris Wood
72%
Wolverhampton Wanderers 15 Matheus Cunha
71%
Brentford FC 18 Yoane Wissa
67%
Ipswich Town 12 Liam Delap
56%
West Ham 13 Jarod Bowen
53%
Fulham FC 12 Raul Jimenez
40%
Bournemouth FC 12 Justin Kluivert
39%
Wolverhampton Wanderers 14 Jorgen Strand Larsen
30%
Aucun quiz correspondant
Distribution des résultats
% des personnes avec chaque résultat
Percentile par nombre de réponses
Votre historique - résultats
Vous n’avez pas pris ce quiz